书目信息 |
| 题名: |
智能网络传感器与无线传感器网络
|
|
| 作者: | 景博 , 张劼 , 孙勇 著 | |
| 分册: | ||
| 出版信息: | 北京 国防工业出版社 2011 |
|
| 页数: | 16,415页 | |
| 开本: | 26cm | |
| 丛书名: | ||
| 单 册: | ||
| 中图分类: | TP212 | |
| 科图分类: | ||
| 主题词: | 智能传感器 , 智能传感器 , 无线电通信 , 无线电通信--传感器 , 传感器 | |
| 电子资源: | ||
| ISBN: | 978-7-118-06878-8 | |
| 000 | 00997nam0 2200289 450 | |
| 001 | 140445 | |
| 005 | 20140928152250.37 | |
| 010 | @a978-7-118-06878-8@dCNY 68.00 | |
| 100 | @a20110401d2011 em y0chiy50 ea | |
| 101 | 0 | @achi |
| 102 | @aCN@b110000 | |
| 105 | @aa z 000yy | |
| 200 | 1 | @a智能网络传感器与无线传感器网络@9zhi neng wang luo chuan gan qi yu wu xian chuan gan qi wang luo@b专著@f景博,张劼,孙勇著 |
| 210 | @a北京@c国防工业出版社@d2011 | |
| 215 | @a16,415页@d26cm | |
| 330 | @a本书全面、系统地介绍了网络传感器与无线传感器网络,包括:基于以太网的智能网络传感器系统、无线智能网络传感器、无线传感器网络拓扑结构、组网协议,应用支撑关键技术,原型系统与应用实例。 | |
| 606 | 0 | @a智能传感器 |
| 606 | 0 | @a智能传感器 |
| 606 | 0 | @a无线电通信 |
| 606 | 0 | @a无线电通信@x传感器 |
| 606 | 0 | @a传感器 |
| 690 | @aTP212@v4 | |
| 701 | 0 | @a景博@9jing bo@4著 |
| 701 | 0 | @a张劼@9zhang jie@4著 |
| 701 | 0 | @a孙勇@9sun yong@4著 |
| 801 | 0 | @aCN@bZL@c20140928 |
| 905 | @a241430@dTP212@eJ895 | |
| 智能网络传感器与无线传感器网络/景博,张劼,孙勇著.-北京:国防工业出版社,2011 |
| 16,415页;26cm |
| ISBN 978-7-118-06878-8:CNY 68.00 |
| 本书全面、系统地介绍了网络传感器与无线传感器网络,包括:基于以太网的智能网络传感器系统、无线智能网络传感器、无线传感器网络拓扑结构、组网协议,应用支撑关键技术,原型系统与应用实例。 |
| ● |
| 相关链接 |
|
|
|
正题名:智能网络传感器与无线传感器网络
索取号:TP212/J895
 
预约/预借
| 序号 | 登录号 | 条形码 | 馆藏地/架位号 | 状态 | 备注 |
| 1 | 0835183 | 208351834 | 自科库301/301自科库 35排3列4层/ [索取号:TP212/J895] | 在馆 | |
| 2 | 0835184 | 208351843 | 自科库301/301自科库 70排1列4层/ [索取号:TP212/J895] | 在馆 | |
| 3 | 0835185 | 208351852 | 自科库301/301自科库 70排1列4层/ [索取号:TP212/J895] | 在馆 |